Top 20 Countries by nominal Gross Domestic Product (GDP) per capita - Statistics

General Stats
  • This quiz has been taken 111 times
  • The average score is 17 of 20
Answer Stats
Rank Answer US$ % Correct
4 Norway 98,565
98%
18 United States of America 47,882
98%
10 Sweden 57,134
97%
9 Denmark 59,581
95%
16 Finland 48,887
94%
12 Canada 50,565
93%
6 Switzerland 85,794
89%
1 Monaco 170,373
88%
20 Japan 46,407
86%
15 Austria 49,686
85%
13 Netherlands 50,215
85%
3 Luxembourg 115,377
84%
5 Qatar 92,682
83%
7 Australia 67,039
82%
19 Belgium 47,807
82%
14 Singapore 50,087
82%
2 Liechtenstein 167,021
78%
17 Ireland 48,836
77%
8 San Marino 64,480
77%
11 Kuwait 57,102
69%
No matching quizzes found
Score Distribution
Percent of People with Each Score
Percentile by Number Answered
Your Score History
You have not taken this quiz